01370nam a22003494a 4500001001200000003000800012006001900020007001500039008004100054010001700095020002000112040002100132035002000153050002400173082002000197100003300217245010600250250002300356260005200379300001500431500003200446504006400478533015200542600003300694650003700727650003600764655002900800700003100829710001700860856012600877999001701003ebr10063462CaPaEBRm u cr cn|||||||||020329r20031879nyu sb 001 0beng  z 2002067073 z0521815266 (hc) aCaPaEBRcCaPaEBR a(OCoLC)5621668914aQH31.D3bD37 2003eb04a508/.092aB2211 aDarwin, Charles,d1809-1882.14aThe life of Erasmus Darwinh[electronic resource] /cby Charles Darwin ; edited by Desmond King-Hele. a1st unabridged ed. aNew York :bCambridge University Press,cc2003. axx, 172 p. aOriginally published: 1879. aIncludes bibliographical references (p. 144-147) and index. aElectronic reproduction.bPalo Alto, Calif. :cebrary,d2013.nAvailable via World Wide Web.nAccess may be limited to ebrary affiliated libraries.10aDarwin, Erasmus,d1731-1802. 0aNaturalistszEnglandvBiography. 0aPhysicianszEnglandvBiography. 7aElectronic books.2local1 aKing-Hele, Desmond,d1927-2 aebrary, Inc.40uhttp://site.ebrary.com/lib/rucke/Doc?id=10063462zAn electronic book accessible through the World Wide Web; click to view c47252d47252